• 首页
  • 本馆介绍
  • 公告通知
  • 最新文献
  • 馆藏检索
  • 电子资源
  • 读者导购
  • 参考咨询
  • 我的图书馆
  • 登录
  • 详细信息显示
  • 放入我的书架
  • 预约/预借图书
  • 作者相关作品
  • 分类相关作品
  • 丛书相关作品
  • 出版社相关作品

书目信息

  • 表格格式
  • 工作单格式
  • 卡片格式
题名:
宝石名鉴
    
 
作者: 朱倖谊 著
分册:  
出版信息: 北京   中国轻工业出版社  2017.07
页数: 223页
开本: 22cm
丛书名:
单 册:
中图分类: TS933.2
科图分类:
主题词: 宝石--鉴赏
电子资源:
ISBN: 978-7-5184-1387-4
000 00923nam0 2200253 450
001 0120172237776
005 20170911161416.65
010    @a978-7-5184-1387-4@dCNY68.00
100    @a20170710d2017 em y0chiy50 ea
101 0  @achi
102    @aCN@b110000
105    @aa z 000yy
106    @ar
200 1  @a宝石名鉴@9bao shi ming jian@e珍藏版@f朱倖谊著
205    @a修订版
210    @a北京@c中国轻工业出版社@d2017.07
215    @a223页@c图@d22cm
330    @a本书从宝石的定义和历史说起,进而说明它们的基本物理化学特性、车工镶嵌与美丽传说,更特别奉献选购小秘诀,教你如何不用专业工具,就能以最简单的方式辨别真伪、评选等级。书中选购宝石实用资讯,使读者不但能轻松游历光彩夺目的宝石世界,还能借此挑选适合自己的宝石来佩戴收藏。
333    @a宝石爱好者
606 0  @a宝石@x鉴赏
690    @aTS933.2@v5
701  0 @a朱倖谊@9zhu xing yi@4著
801  0 @aCN@b人天书店@c20170713
905    @b1062294-99@dTS933.2@e54=2@f6
    
    宝石名鉴:珍藏版/朱倖谊著.-修订版.-北京:中国轻工业出版社,2017.07
    223页:图;22cm
    使用对象:宝石爱好者
    
    ISBN 978-7-5184-1387-4:CNY68.00
    本书从宝石的定义和历史说起,进而说明它们的基本物理化学特性、车工镶嵌与美丽传说,更特别奉献选购小秘诀,教你如何不用专业工具,就能以最简单的方式辨别真伪、评选等级。书中选购宝石实用资讯,使读者不但能轻松游历光彩夺目的宝石世界,还能借此挑选适合自己的宝石来佩戴收藏。
●
相关链接 在E读中查询图书 在五车中查询图书 在当当中查询图书 在豆瓣中查询图书


正题名:宝石名鉴     索取号:TS933.2/54=2         预约/预借

序号 登录号 条形码 馆藏地/架位号 状态 备注
1 1062294   210622940   第二样本阅览室/ [索取号:TS933.2/54=2] 在馆    
2 1062295   210622959   第三借阅区/ [索取号:TS933.2/54=2] 在馆    
3 1062296   210622968   第三借阅区/ [索取号:TS933.2/54=2] 在馆    
4 1062297   210622977   第三借阅区/ [索取号:TS933.2/54=2] 在馆    
5 1062298   210622986   第三借阅区/ [索取号:TS933.2/54=2] 在馆    
6 1062299   210622995   第三借阅区/ [索取号:TS933.2/54=2] 在馆    
唐山师范学院图书馆 欢迎您!
大连网信软件有限公司© 版权所有